| 000 | 00699cab a2200205 4500 | ||
|---|---|---|---|
| 001 | WB2923-63 | ||
| 008 | 090401t1993 xxu||||| |||| 00| 0 eng d | ||
| 035 | _a(Sirsi) u54568 | ||
| 041 | _aeng | ||
| 245 | _aMobile surveyor | ||
| 260 | _c1993 | ||
| 350 | _a0 | ||
| 490 |
_aWestern Morning News _v12 June 1993, 13(1) |
||
| 520 | _aSurveyor, Jeremy Baker, has set up business from a mobile office since his redundancy. This cuts down overheads and allows him to dictate reports while still parked close to the property. | ||
| 650 | _aABOUT RICS-RICS MEMBERS | ||
| 650 | _aMOBILE OFFICES | ||
| 690 | _aMANAGEMENT-BUSINESS MANAGEMENT-PROFESSIONAL PRACTICE | ||
| 942 | _n0 | ||
| 948 | _c04/03/1997 | ||
| 999 |
_c33450 _d33450 |
||